Statistiken für Schnelle Mathematik - Zahlen Level 01

Klicken Sie hier um das Quiz zu spielen!

Allgemein

  • Dieses Quiz wurde 284 mal gespielt
  • Das Durchschnittsergebnis liegt bei 10 aus 10

Antwortstatistiken

Nummer% Korrekt
1
100%
2
98%
3
96%
4
95%
5
95%
6
94%
7
94%
8
94%
9
94%
10
93%

Verteilung der Resultate

Perzentil nach korrekt beantworteten Fragen

Anzahl Personen mit jedem Resultat

Ihre Resultats-Entwicklung

Sie haben dieses Quiz noch nicht gespielt